|
|
|
|
| LEADER |
00593cam a2200169 7i4500 |
| 001 |
0000031385 |
| 005 |
20140529090000.0 |
| 090 |
0 |
0 |
|a M 333.33809595
|b BUI
|
| 245 |
0 |
0 |
|a Building excellence :
|b the Edge Malaysia Property Excellence Awards 2003 - 2012.
|
| 260 |
0 |
0 |
|a Petaling Jaya:
|b The Edge Communication,
|c 2013.
|
| 300 |
# |
# |
|a 58 p.
|
| 650 |
0 |
0 |
|a Real property --
|z Malaysia
|
| 650 |
0 |
0 |
|a Land companies --
|z Malaysia
|
| 650 |
0 |
0 |
|a Housing developers --
|z Malaysia
|
| 650 |
0 |
0 |
|a Real estate developers --
|z Malaysia
|
| 651 |
0 |
0 |
|a Malaysia
|
| 999 |
|
|
|a 0000032045
|b Book
|c Malaysia
|e Business Information Centre
|